000 01069nam a22002537a 4500
001 7483
003 FISKH
005 20250728125339.0
008 250721b cb ||||| |||| 00| 0 eng d
020 _a9781009320542
040 _aFISKH
_beng
_cFISKH
_dFISKH
050 _aPZ7
082 _a004
100 _aCattanach-Chell, Ceredig
245 _aCambridge primary computing :
_bLearner's Book 6 /
_cCeredig Cattanach-Chell ; Luke Craig & Sarah Matthews
260 _aUnited Kingdom :
_bCambridge University Press,
_c2024.
300 _a247 pages :
_bcolor illustrations ;
_c28 cm
520 _aBring computing to life for your learners with the Cambridge Primary Computing Learner's Book 5 with Digital Access. From writing an algorithm to control a spaceship to exploring Artificial Intelligence, this book introduce learners to key computing concepts in a fun and effective way.
650 _aComputing
_vArtificial Intelligence
_xConcept
700 _aCraig, Luke
_eAuthor
700 _aMatthews, Sarah
_eAuthor
942 _2ddc
_cBK
_n0
999 _c7483
_d7483